[Event "DEN-ch Seniors 50+"]
[Site "Hvidovre"]
[Date "2018.02.18"]
[Round "7"]
[White "Hansen, Lars Henrik Bech"]
[Black "Matras, Ove"]
[Result "1/2-1/2"]
[WhiteElo "1972"]
[BlackElo "1781"]
[PlyCount "126"]
[EventDate "2018.02.12"]
[EventType "swiss"]
[EventRounds "7"]
[EventCountry "DEN"]
[SourceTitle "CBM 183 Extra"]
[Source "ChessBase"]
[SourceDate "2018.04.19"]
[SourceVersion "1"]
[SourceVersionDate "2018.04.19"]
[SourceQuality "1"]

1. e4 c6 2. d4 d5 3. exd5 cxd5 4. Bd3 Nc6 5. c3 g6 6. Nf3 Bf5 7. 0-0 Bg7 8. Re1 Qd7 9. Bf4 Nf6 10. Ne5 Nxe5 11. Bxe5 0-0 12. Na3 a6 13. Nc2 Bxd3 14. Qxd3 Qf5 15. Qxf5 gxf5 16. a4 Ne4 17. Bxg7 Kxg7 18. f3 Nd6 19. Rxe7 Kf6 20. Rae1 b5 21. Nb4 bxa4 22. Nxd5+ Kg5 23. g3 Rab8 24. h4+ Kg6 25. R1e2 Nc4 26. Nf4+ Kh6 27. Nd3 Rb3 28. Rc7 Nb6 29. Nc5 Rb5 30. Nxa6 f4 31. g4 Nd5 32. Rc5 Rxc5 33. Nxc5 a3 34. bxa3 Nxc3 35. Rd2 f5 36. Kg2 fxg4 37. fxg4 f3+ 38. Kf2 Rf4 39. a4 Rxg4 40. Kxf3 Rxh4 41. Kg3 Rh5 42. Rh2 Rxh2 43. Kxh2 Kg6 44. Kg2 Kf6 45. Kf3 Kf5 46. a5 h5 47. a6 Nb5 48. Kg3 Kf6 49. Kh4 Ke7 50. Kxh5 Kd6 51. Kg5 Ke7 52. Kf4 Kd6 53. Ke4 Na7 54. Kd3 Kd5 55. Ne4 Kc6 56. Kc4 Nc8 57. d5+ Kb6 58. Nc5 Nd6+ 59. Kd4 Nb5+ 60. Ke5 Kxc5 61. d6 Nxd6 62. a7 Nc4+ 63. Ke6 Nb6 1/2-1/2